000 00324nam a2200133Ia 4500
008 230917s9999||||xx |||||||||||||| ||und||
040 _e113852
_aMAIN
041 _aEnglish
082 _a410 L269L
100 _aAshok Kumar, ed.
245 0 _aLanguage, context and culture
260 _aLucknow
_bGurukul
_c2004
942 _cBK
999 _c82595
_d82595